Movies by Image #1 - Statistics

General Stats
  • This quiz has been taken 1,530 times
  • The average score is 10 of 16
Answer Stats
Picture Answer % Correct
Forrest Gump
96%
Titanic
96%
Iron Man
83%
Pulp Fiction
83%
The Green Mile
82%
The Shining
82%
Saving Private Ryan
78%
Life of Pi
68%
Inception
66%
Baby Driver
55%
The Usual Suspects
52%
National Treasure
47%
The Departed
45%
Passengers
39%
Disturbia
15%
Vantage Point
4%
No matching quizzes found
Score Distribution
Percent of People with Each Score
Percentile by Number Answered
Your Score History
You have not taken this quiz